Countries With The Most Of ...? Animals - Statistics

General Stats
  • This quiz has been taken 56 times
    54 since last reset
  • The average score is 13 of 18
Answer Stats
Hint Country % Correct
Sea Otters United States
100%
Polar Bears Canada
98%
Venomous Spiders Australia
95%
Tigers India
93%
Coyotes Mexico
91%
Rhinos South Africa
91%
Amphibian Species Brazil
89%
House Cats China
86%
Crabs Russia
86%
Orangutans Indonesia
80%
Flightless Birds New Zealand
75%
Penguins Chile
70%
Horses per Capita Mongolia
70%
Lions Tanzania
66%
Bird Species Colombia
55%
Camels Somalia
36%
Cow per Capita Uruguay
14%
Sheep to Capita Mauritania
5%
No matching quizzes found
Score Distribution
Percent of People with Each Score
Percentile by Number Answered
Your Score History
You have not taken this quiz since the last reset